Biggest English Cities - 1901 - Statistics

General Stats
  • This quiz has been taken 62 times
  • The average score is 24 of 39
Answer Stats
Population City % Correct
6,339,500 London
100%
429,000 Leeds
98%
702,200 Liverpool
98%
543,900 Manchester
98%
522,200 Birmingham
96%
329,400 Bristol
96%
215,300 Newcastle
91%
409,100 Sheffield
89%
239,700 Nottingham
87%
263,600 Plymouth
87%
123,500 Brighton
85%
104,800 Southampton
85%
188,100 Portsmouth
83%
111,700 Norwich
80%
279,800 Bradford
78%
211,600 Leicester
78%
240,300 Hull
76%
146,100 Sunderland
74%
94,200 Wolverhampton
72%
214,700 Stoke-on-Trent
67%
114,800 Derby
65%
91,300 Middlesbrough
65%
113,000 Preston
63%
87,000 Northampton
57%
129,200 Blackburn
54%
168,200 Bolton
52%
95,000 Huddersfield
50%
137,200 Oldham
44%
221,000 Salford
37%
97,000 Burnley
31%
83,100 Rochdale
30%
92,800 Stockport
28%
110,900 Birkenhead
26%
109,900 Gateshead
22%
104,900 Halifax
22%
86,400 Walsall
20%
85,400 Hartlepool
9%
84,400 St Helens
9%
100,900 South Shields
6%
No matching quizzes found
Score Distribution
Percent of People with Each Score
Percentile by Number Answered
Your Score History
You have not taken this quiz